MARC

LEADER 00000nas1a2200000 4500
001 380224
005 20231101062643.0
011 |a 0235-3482 
035 |a (RuTPU)RU\TPU\prd\1029 
035 |a BOOK00001030 
090 |a 380224 
100 |a 20011210a19602008k y0rusy50 ca 
101 0 |a rus 
102 |a UA 
110 |a agaz|||0uu0 
200 1 |a Экотехнологии и ресурсосбережение  |e научно-технический журнал  |f Национальная академия наук Украины (НАНУ) ; Институт газа Украины 
210 |a Киев  |c Институт газа НАНУ  |d 1994-2008 
305 |a Издается с 1960 г. 
326 |a 6 номеров в год 
430 1 |0 (RuTPU)RU\TPU\prd\444  |x 0235-3482  |t Химическая технология  |o научно-технический журнал  |f Академия наук Украины (АНУ), Институт газа  |c Киев  |n Наукова думка  |d 1977-1992 
440 1 |0 (RuTPU)RU\TPU\prd\1901  |x 0235-3482  |t Энерготехнологии и ресурсосбережение  |o научно-технический журнал  |f Национальная академия наук Украины (НАНУ) ; Институт газа НАН Украины  |c Киев  |n Институт газа НАН Украины  |d 2008- 
610 1 |a химическая технология 
610 1 |a экотехнологии 
610 1 |a ресурсосбережение 
610 1 |a экология 
610 1 |a окружающая среда 
610 1 |a охрана 
675 |a 504.062  |v 3 
675 |a 658.18  |v 3 
712 0 2 |a Национальная академия наук Украины (НАНУ)  |c (1994- )  |2 stltpush  |3 (RuTPU)RU\TPU\col\2525 
712 0 2 |a Институт газа Украины 
801 0 |a RU  |b 63413507  |c 20011210  |g PSBO 
801 2 |a RU  |b 63413507  |c 20180119  |g PSBO 
942 |c CR